000
00223nam a22001097a 4500
100
_a
Webster
245
_a
The merriam webster Thesaurus
250
_a
2012
260
_b
Merriam -webster
300
_a
772
942
_2
ddc
_c
BK
999
_c
10976
_d
10976